[Event "BCF-ch 5-day op PM Week 1"]
[Site "Torquay"]
[Date "2013.07.29"]
[Round "1.82"]
[White "Pride, Stephen C"]
[Black "Stephenson, F Norman"]
[Result "0-1"]
[WhiteElo "1819"]
[BlackElo "2165"]
[PlyCount "84"]
[EventDate "2013.07.29"]
[EventType "swiss"]
[EventRounds "5"]
[EventCountry "ENG"]
[SourceTitle "EXT 2023"]
[Source "ChessBase"]
[SourceDate "2022.10.05"]
[SourceVersion "1"]
[SourceVersionDate "2022.10.05"]
[SourceQuality "1"]

1. d4 e6 2. Nf3 f5 3. Bf4 Nf6 4. e3 b6 5. a3 Bb7 6. Nc3 Be7 7. Bc4 d5 8. Bb5+ c6 9. Be2 0-0 10. 0-0 Nh5 11. Be5 Nd7 12. Ne1 Nhf6 13. f4 c5 14. b3 Qc8 15. Qd2 Rd8 16. Nf3 Ne4 17. Qe1 Nxc3 18. Qxc3 cxd4 19. Qxc8 Raxc8 20. Nxd4 Nxe5 21. fxe5 Bc5 22. Bd3 Re8 23. b4 Bf8 24. Nxe6 Rxe6 25. Bxf5 Rxe5 26. Bxc8 Bxc8 27. Rfe1 Be7 28. Rad1 Bg5 29. Kf2 Bf5 30. c3 Be4 31. Rc1 Rf5+ 32. Kg1 Bf6 33. Rf1 Bg5 34. Rfe1 b5 35. a4 bxa4 36. Ra1 Bc2 37. Re2 Bb3 38. e4 Re5 39. Rae1 Bc4 40. Rb2 Rxe4 41. Rbb1 Be3+ 42. Kh1 Bd2 0-1

[Event "Torquay op 46th"]
[Site "Torquay"]
[Date "2012.11.11"]
[Round "4"]
[White "Stephenson, F Norman"]
[Black "Dilleigh, Stephen P"]
[Result "1-0"]
[WhiteElo "2165"]
[BlackElo "2099"]
[PlyCount "143"]
[EventDate "2012.11.09"]
[EventType "swiss"]
[EventRounds "5"]
[EventCountry "ENG"]
[SourceTitle "EXT 2022"]
[Source "ChessBase"]
[SourceDate "2021.10.06"]
[SourceVersion "1"]
[SourceVersionDate "2021.10.06"]
[SourceQuality "1"]

1. d4 d5 2. c4 e6 3. Nc3 Nf6 4. cxd5 exd5 5. Bg5 c6 6. e3 Bf5 7. Qf3 Bg6 8. Bxf6 Qxf6 9. Qxf6 gxf6 10. Rc1 Nd7 11. Nge2 Nb6 12. Nf4 Bd6 13. Nd3 a5 14. Be2 0-0-0 15. 0-0 Kb8 16. b3 Rde8 17. Rfe1 Rhg8 18. Nc5 Re7 19. a3 f5 20. Bd3 Rge8 21. g3 f4 22. Bxg6 hxg6 23. gxf4 Bxf4 24. Nd3 Bd6 25. b4 axb4 26. axb4 Rh8 27. f4 Rhe8 28. Kf2 Nc4 29. e4 dxe4 30. Nxe4 Rxe4 31. Rxc4 Rxe1 32. Nxe1 Bxf4 33. d5 Be3+ 34. Kf1 cxd5 35. Rc2 Bb6 36. Rd2 Re5 37. Nf3 Rf5 38. Kg2 Kc7 39. Rc2+ Kd7 40. Kg3 Bc7+ 41. Kg2 Rf4 42. Rd2 Rxb4 43. Rxd5+ Ke6 44. Rd2 Be5 45. Re2 Rb2 46. Nd4+ Kd5 47. Rxb2 Bxd4 48. Rxb7 Ke6 49. h3 f5 50. Rb4 Be5 51. Rb6+ Kf7 52. Ra6 Kg7 53. Kf3 Kh6 54. Re6 Bh2 55. Re2 Bd6 56. Kg2 Bc7 57. Kf1 Bf4 58. Rf2 Be5 59. Ke2 Kg5 60. Rg2+ Kh4 61. Rxg6 Kxh3 62. Rg5 Bc3 63. Rxf5 Kg4 64. Rf7 Be5 65. Ke3 Kg5 66. Ke4 Bc3 67. Rf3 Bd2 68. Rb3 Bf4 69. Rb6 Bg3 70. Rb5+ Kf6 71. Rf5+ Ke6 72. Rc5 1-0

[Event "Torquay op 46th"]
[Site "Torquay"]
[Date "2012.11.10"]
[Round "2"]
[White "Stephenson, F Norman"]
[Black "Thompson, Robert"]
[Result "1/2-1/2"]
[WhiteElo "2165"]
[BlackElo "1970"]
[PlyCount "47"]
[EventDate "2012.11.09"]
[EventType "swiss"]
[EventRounds "5"]
[EventCountry "ENG"]
[SourceTitle "EXT 2022"]
[Source "ChessBase"]
[SourceDate "2021.10.06"]
[SourceVersion "1"]
[SourceVersionDate "2021.10.06"]
[SourceQuality "1"]

1. d4 Nf6 2. c4 g6 3. Nc3 Bg7 4. e4 d6 5. Bd3 e5 6. d5 Na6 7. Nge2 Nc5 8. Bc2 a5 9. 0-0 0-0 10. h3 Ne8 11. Be3 f5 12. exf5 gxf5 13. f4 e4 14. Nd4 Nf6 15. Qe2 Bd7 16. Rad1 Qe8 17. Qf2 Qg6 18. Ndb5 Na6 19. Rfe1 Rac8 20. Bb1 Kh8 21. Bd4 Nh5 22. Be3 Nf6 23. Bd4 Nh5 24. Be3 1/2-1/2

[Event "ENG-ch Seniors"]
[Site "Dovedale"]
[Date "2008.01.31"]
[Round "4"]
[White "Prizant, Michael"]
[Black "Stephenson, F Norman"]
[Result "1/2-1/2"]
[WhiteElo "2169"]
[BlackElo "2160"]
[PlyCount "54"]
[EventDate "2008.01.28"]
[EventType "swiss"]
[EventRounds "5"]
[EventCountry "ENG"]
[SourceTitle "EXT 2009"]
[Source "ChessBase"]
[SourceDate "2008.11.26"]
[SourceVersion "1"]
[SourceVersionDate "2008.11.26"]
[SourceQuality "1"]

1. e4 e5 2. Nf3 Nc6 3. d4 exd4 4. Nxd4 Nf6 5. Nxc6 bxc6 6. e5 Qe7 7. Qe2 Nd5 8. c4 Ba6 9. g3 0-0-0 10. b3 g5 11. Bb2 Bg7 12. Bg2 Rde8 13. 0-0 Bxe5 14. Qxe5 Qxe5 15. Bxe5 Rxe5 16. cxd5 Bxf1 17. Kxf1 cxd5 18. Nc3 c6 19. Rd1 h5 20. h3 h4 21. g4 Rhe8 22. Bf3 Kc7 23. Ne2 Kb6 24. Rd4 a5 25. Ke1 Kc5 26. Ra4 Kb6 27. Rd4 Kc5 1/2-1/2

[Event "Coulsdon Autumn-B"]
[Site "Coulsdon"]
[Date "2006.08.30"]
[Round "4"]
[White "Stephenson, F Norman"]
[Black "Lock, Gavin R"]
[Result "1-0"]
[WhiteElo "2237"]
[BlackElo "2208"]
[PlyCount "117"]
[EventDate "2006.08.28"]
[EventType "tourn"]
[EventRounds "9"]
[EventCountry "ENG"]
[SourceTitle "CBM 114 Extra"]
[Source "ChessBase"]
[SourceDate "2006.11.03"]
[SourceVersion "1"]
[SourceVersionDate "2006.11.03"]
[SourceQuality "1"]

1. e4 e6 2. d4 d5 3. Nd2 c5 4. Ngf3 Nf6 5. e5 Nfd7 6. c3 Nc6 7. Bd3 Be7 8. dxc5 Ndxe5 9. Nxe5 Nxe5 10. Nb3 Nxd3+ 11. Qxd3 0-0 12. 0-0 a5 13. a4 b6 14. Qe3 bxc5 15. Nxc5 Qb6 16. Nd3 Qxe3 17. Bxe3 Ba6 18. Rfd1 Rfb8 19. Bc1 f6 20. Ne1 Kf7 21. Nc2 Bc4 22. Nd4 Ra6 23. Re1 e5 24. Nf5 Bc5 25. g4 Rc6 26. h3 Bf8 27. Ne3 Bb3 28. Kg2 g6 29. Nf1 Bd6 30. f3 f5 31. g5 f4 32. Nh2 e4 33. fxe4 dxe4 34. Bxf4 Bd5 35. Bc1 Bxh2 36. Kxh2 Ke6 37. Rf1 Ke7 38. Rf2 Rcb6 39. b4 Rc6 40. bxa5 Rxc3 41. Ba3+ Kd7 42. Rd1 Rxa3 43. Rxd5+ Ke6 44. Rb5 Rxb5 45. axb5 Rxa5 46. Rb2 Ke5 47. b6 Ra8 48. b7 Rb8 49. Kg3 Kd4 50. Kf2 Kc3 51. Rb6 Kd4 52. Ke2 Kc5 53. Rb1 Kd4 54. Kd2 Ke5 55. Ke3 Kd5 56. Rb2 Kc4 57. Kxe4 Re8+ 58. Kf4 Rb8 59. Ke5 1-0

[Event "GBR-ch Seniors"]
[Site "Douglas"]
[Date "2005.08.11"]
[Round "6"]
[White "Ellison, Derek George"]
[Black "Stephenson, F Norman"]
[Result "1/2-1/2"]
[WhiteElo "2100"]
[BlackElo "2230"]
[PlyCount "165"]
[EventDate "2005.08.06"]
[EventType "swiss"]
[EventRounds "7"]
[EventCountry "ENG"]
[SourceTitle "EXT 2007"]
[Source "ChessBase"]
[SourceDate "2006.11.23"]
[SourceVersion "1"]
[SourceVersionDate "2006.11.23"]
[SourceQuality "1"]

1. c4 e5 2. Nc3 Nf6 3. g3 c6 4. Bg2 d5 5. cxd5 cxd5 6. d3 Nc6 7. Bg5 Be6 8. Nf3 Qb6 9. Qb1 Ng4 10. 0-0 Bc5 11. Nd1 h6 12. Bd2 0-0 13. h3 Nf6 14. b4 Nxb4 15. Bxb4 Bxb4 16. Nxe5 Rfc8 17. Nf3 Nd7 18. a3 Be7 19. Ne3 Bf6 20. Qxb6 axb6 21. d4 Ra4 22. Rfd1 Rc3 23. Ne1 Bxd4 24. Nxd5 Rc5 25. Rac1 Rxc1 26. Rxc1 Rxa3 27. e3 Ra1 28. Rxa1 Bxa1 29. Nf4 Nc5 30. Nxe6 fxe6 31. Nc2 Bb2 32. Nd4 Kf7 33. Nb5 Ke7 34. Kf1 Be5 35. Ke2 Kd7 36. h4 Bf6 37. Bf3 Bb2 38. Bg2 Ba1 39. Bf3 e5 40. Bd5 e4 41. Kd2 Be5 42. Ke2 Ke7 43. Kd2 Kf6 44. Ke2 Kf5 45. Nd4+ Kf6 46. Nb5 Bb8 47. Bc4 Ke5 48. Nd4 Bd6 49. Nb5 Ne6 50. Nc3 Nc7 51. Nb5 Nd5 52. Nd4 Nc3+ 53. Kf1 Bb4 54. Nb5 Na4 55. Ke2 Bd6 56. Bg8 Nc5 57. Nc3 Nd7 58. Bc4 Nc5 59. Nb5 Na6 60. Bg8 Bb4 61. Bc4 Nb8 62. Nd4 Kd6 63. Bf7 Ke5 64. Bc4 Nd7 65. Nb5 Bc5 66. Nc3 Nf6 67. Bb3 Kd6 68. Bc2 Ke5 69. Bb3 Bb4 70. Nb5 Ba5 71. Nd4 Nd5 72. Nb5 Bb4 73. Bc4 Nc3+ 74. Nxc3 Bxc3 75. f3 exf3+ 76. Kxf3 Be1 77. h5 Kd6 78. g4 Ke5 79. Ke2 Bg3 80. Kd3 b5 81. Bb3 b6 82. e4 Kf4 83. Be6 1/2-1/2

[Event "GBR-ch Seniors"]
[Site "Douglas"]
[Date "2005.08.09"]
[Round "4"]
[White "Byway, Paul V"]
[Black "Stephenson, F Norman"]
[Result "1/2-1/2"]
[WhiteElo "2189"]
[BlackElo "2230"]
[PlyCount "56"]
[EventDate "2005.08.06"]
[EventType "swiss"]
[EventRounds "7"]
[EventCountry "ENG"]
[SourceTitle "EXT 2007"]
[Source "ChessBase"]
[SourceDate "2006.11.23"]
[SourceVersion "1"]
[SourceVersionDate "2006.11.23"]
[SourceQuality "1"]

1. d4 d5 2. c4 e6 3. Nc3 Be7 4. Nf3 Nf6 5. cxd5 exd5 6. Bg5 c6 7. e3 Bf5 8. Bxf6 Bxf6 9. Bd3 Bxd3 10. Qxd3 Be7 11. 0-0 Bd6 12. e4 dxe4 13. Qxe4+ Qe7 14. Rfe1 Kf8 15. Rad1 Qxe4 16. Rxe4 Nd7 17. d5 Nf6 18. Ra4 c5 19. Nb5 Ke7 20. Ng5 Rhd8 21. Rxa7 Rxa7 22. Nxa7 Bb8 23. Nb5 Rxd5 24. Rxd5 Nxd5 25. g3 Be5 26. b3 Nc3 27. Nxc3 Bxc3 28. Kf1 h6 1/2-1/2

[Event "GBR-ch Seniors"]
[Site "Edinburgh"]
[Date "2003.07.30"]
[Round "5"]
[White "Anderton, David William"]
[Black "Stephenson, F Norman"]
[Result "0-1"]
[WhiteElo "2184"]
[BlackElo "2072"]
[PlyCount "80"]
[EventDate "2003.07.26"]
[EventType "swiss"]
[EventRounds "7"]
[EventCountry "SCO"]
[SourceTitle "EXT 2007"]
[Source "ChessBase"]
[SourceDate "2006.11.23"]
[SourceVersion "1"]
[SourceVersionDate "2006.11.23"]
[SourceQuality "1"]

1. d4 e6 2. c4 f5 3. g3 Nf6 4. Bg2 Bb4+ 5. Nd2 a5 6. Ngf3 Bxd2+ 7. Nxd2 Nc6 8. d5 Ne5 9. 0-0 0-0 10. b3 Rb8 11. Bb2 d6 12. Bc3 exd5 13. cxd5 b6 14. h3 Ba6 15. Rc1 Rc8 16. Re1 Bb7 17. f4 Ned7 18. e4 fxe4 19. Nxe4 Nxe4 20. Bxe4 Rf7 21. Qh5 Nf8 22. Bd4 Qd7 23. Rc3 Qb5 24. Rce3 a4 25. Bf3 Rd8 26. Re7 Ng6 27. Rxf7 Kxf7 28. Qxh7 Rg8 29. Be4 Ne7 30. Bd3 Qb4 31. Qe4 Re8 32. Qe6+ Kf8 33. Re4 Qd2 34. Bc4 Bc8 35. Bxg7+ Kxg7 36. Qxe7+ Rxe7 37. Rxe7+ Kf6 38. Re2 Qd1+ 39. Kh2 axb3 40. axb3 Bb7 0-1

[Event "GBR-ch Seniors"]
[Site "Edinburgh"]
[Date "2003.07.28"]
[Round "3"]
[White "Roth, Michael J"]
[Black "Stephenson, F Norman"]
[Result "0-1"]
[WhiteElo "1816"]
[BlackElo "2072"]
[PlyCount "50"]
[EventDate "2003.07.26"]
[EventType "swiss"]
[EventRounds "7"]
[EventCountry "SCO"]
[SourceTitle "EXT 2007"]
[Source "ChessBase"]
[SourceDate "2006.11.23"]
[SourceVersion "1"]
[SourceVersionDate "2006.11.23"]
[SourceQuality "1"]

1. e4 c5 2. Nf3 e6 3. Nc3 Nc6 4. d4 cxd4 5. Nxd4 Qc7 6. Ndb5 Qb8 7. Be3 Nf6 8. Be2 Be7 9. Qd2 0-0 10. Rd1 Ne8 11. 0-0 d6 12. f4 a6 13. Nd4 Nf6 14. Bf3 Rd8 15. Nxc6 bxc6 16. e5 Nd5 17. exd6 Bxd6 18. Ne4 Nxe3 19. Qxe3 Be7 20. Rxd8+ Bxd8 21. Qd4 Qb6 22. Rd1 Qxd4+ 23. Rxd4 Bb6 24. Nc5 Bxc5 25. c3 Rb8 0-1

[Event "GBR-ch Seniors"]
[Site "Edinburgh"]
[Date "2003.07.27"]
[Round "2"]
[White "Stephenson, F Norman"]
[Black "Smith, Ivor BN"]
[Result "1/2-1/2"]
[WhiteElo "2072"]
[BlackElo "1920"]
[PlyCount "46"]
[EventDate "2003.07.26"]
[EventType "swiss"]
[EventRounds "7"]
[EventCountry "SCO"]
[SourceTitle "EXT 2007"]
[Source "ChessBase"]
[SourceDate "2006.11.23"]
[SourceVersion "1"]
[SourceVersionDate "2006.11.23"]
[SourceQuality "1"]

1. e4 c5 2. Nf3 d6 3. Bb5+ Bd7 4. Bxd7+ Qxd7 5. 0-0 Nc6 6. c3 Nf6 7. d3 e6 8. Bg5 Be7 9. Re1 Ne5 10. Na3 h6 11. Bf4 Ng6 12. Bg3 0-0 13. Qb3 Nh5 14. Rad1 Nxg3 15. hxg3 d5 16. exd5 exd5 17. Nc2 Bf6 18. Ne3 Rfd8 19. d4 c4 20. Qc2 b5 21. Qf5 Ne7 22. Qxd7 Rxd7 23. Ng4 Ng6 1/2-1/2

[Event "Cleveland op"]
[Site "Cleveland"]
[Date "2003.01.25"]
[Round "3"]
[White "Moon, Frank"]
[Black "Stephenson, F Norman"]
[Result "0-1"]
[WhiteElo "1680"]
[BlackElo "2072"]
[PlyCount "102"]
[EventDate "2003.01.24"]
[EventType "swiss"]
[EventRounds "5"]
[EventCountry "ENG"]
[SourceTitle "CBM 092 Extra"]
[Source "ChessBase"]
[SourceDate "2003.03.07"]
[SourceVersion "1"]
[SourceVersionDate "2003.03.07"]
[SourceQuality "1"]

1. e4 e5 2. f4 exf4 3. Nf3 d6 4. Bc4 h6 5. d4 g5 6. 0-0 Bg7 7. c3 Nf6 8. Qb3 0-0 9. e5 d5 10. Bd3 Ne4 11. Nbd2 Nxd2 12. Bxd2 c5 13. Bb1 f5 14. exf6 Bxf6 15. Qc2 Qc7 16. Qg6+ Qg7 17. dxc5 Na6 18. Qh5 Nxc5 19. h4 Ne4 20. Bxf4 Bxc3 21. bxc3 Rxf4 22. hxg5 Nxg5 23. Nxg5 Rxf1+ 24. Kxf1 hxg5 25. Bg6 Be6 26. Kg1 Rf8 27. Re1 Rf6 28. Bc2 Bf7 29. Qg4 Rc6 30. Qd7 Qxc3 31. Qd8+ Kg7 32. Qxg5+ Rg6 33. Qe5+ Qxe5 34. Rxe5 Rb6 35. Bb3 Kf6 36. Re3 Be6 37. Kf2 Rb4 38. Ke2 Re4 39. Kd3 Rxe3+ 40. Kxe3 Ke5 41. g3 b5 42. Kf3 a5 43. g4 a4 44. Bc2 d4 45. a3 Bb3 46. Bb1 Bd1+ 47. Kg3 Bb3 48. g5 b4 49. axb4 a3 50. b5 d3 51. b6 Kd6 0-1

[Event "BCF-chT3 0102 (4NCL)"]
[Site "Birmingham"]
[Date "2001.09.22"]
[Round "1.1"]
[White "Quilter, Thomas A"]
[Black "Stephenson, F Norman"]
[Result "1/2-1/2"]
[WhiteElo "2082"]
[BlackElo "2246"]
[PlyCount "37"]
[EventDate "2001.09.??"]
[EventType "team-tourn"]
[EventRounds "11"]
[EventCountry "ENG"]
[SourceTitle "EXT 2003"]
[Source "ChessBase"]
[SourceDate "2002.11.25"]
[SourceVersion "1"]
[SourceVersionDate "2002.11.25"]
[SourceQuality "1"]
[WhiteTeam "Poisoned Pawns II"]
[BlackTeam "White Rose II"]
[WhiteTeamCountry "ENG"]
[BlackTeamCountry "ENG"]

1. e4 c5 2. Nc3 e6 3. Nf3 Nc6 4. d4 cxd4 5. Nxd4 Nf6 6. Ndb5 Bb4 7. a3 Bxc3+ 8. Nxc3 d5 9. exd5 Nxd5 10. Ne4 0-0 11. Bd3 Ne5 12. 0-0 Nxd3 13. Qxd3 Ne7 14. Rd1 Qxd3 15. Rxd3 b6 16. b3 Ba6 17. Rd1 Rfd8 18. Bb2 Nf5 19. a4 1/2-1/2

[Event "BCF-ch 88th"]
[Site "Scarborough"]
[Date "2001.08.08"]
[Round "9"]
[White "Burnett, Jim"]
[Black "Stephenson, F Norman"]
[Result "1/2-1/2"]
[WhiteElo "2209"]
[BlackElo "2246"]
[PlyCount "33"]
[EventDate "2001.07.30"]
[EventType "swiss"]
[EventRounds "11"]
[EventCountry "ENG"]
[SourceTitle "CBM 083 Extra"]
[Source "ChessBase"]
[SourceDate "2001.09.11"]
[SourceVersion "1"]
[SourceVersionDate "2001.09.11"]
[SourceQuality "1"]

1. d4 d5 2. c4 e6 3. Nc3 Nf6 4. Bg5 Be7 5. e3 h6 6. Bh4 0-0 7. Nf3 Ne4 8. Bxe7 Qxe7 9. Rc1 c6 10. Bd3 Nxc3 11. Rxc3 dxc4 12. Bxc4 Nd7 13. 0-0 b6 14. Bd3 c5 15. Bb1 Bb7 16. Qc2 g6 17. dxc5 1/2-1/2

[Event "BCF-ch 88th"]
[Site "Scarborough"]
[Date "2001.08.02"]
[Round "4"]
[White "Stephenson, F Norman"]
[Black "Frost, Nicholas"]
[Result "1-0"]
[WhiteElo "2246"]
[BlackElo "2141"]
[PlyCount "81"]
[EventDate "2001.07.30"]
[EventType "swiss"]
[EventRounds "11"]
[EventCountry "ENG"]
[SourceTitle "CBM 083 Extra"]
[Source "ChessBase"]
[SourceDate "2001.09.11"]
[SourceVersion "1"]
[SourceVersionDate "2001.09.11"]
[SourceQuality "1"]

1. e4 e6 2. d3 c5 3. Nf3 Nc6 4. g3 Nge7 5. Bg2 d6 6. 0-0 g6 7. d4 cxd4 8. Nxd4 a6 9. Be3 Bg7 10. Nc3 0-0 11. Qd2 Ne5 12. Qe2 Qc7 13. Rad1 Rb8 14. a4 Bd7 15. Bg5 Nc8 16. Kh1 Nc4 17. Bc1 N8b6 18. b3 Na5 19. Nb1 Nc8 20. Na3 e5 21. Nf3 b5 22. axb5 axb5 23. b4 Nc4 24. Nxc4 bxc4 25. c3 Ba4 26. Rde1 Na7 27. Be3 Nb5 28. Qb2 Kh8 29. Ra1 Ra8 30. Nd2 Ra6 31. Rfc1 Qc6 32. Ra2 Nc7 33. Rca1 Rfa8 34. Kg1 f5 35. exf5 d5 36. fxg6 hxg6 37. Nf3 Ne6 38. Nh4 g5 39. Ng6+ Kh7 40. Ne7 Qb7 41. Bxd5 1-0

[Event "BCF-ch 88th"]
[Site "Scarborough"]
[Date "2001.07.30"]
[Round "1"]
[White "Hebden, Mark"]
[Black "Stephenson, F Norman"]
[Result "1-0"]
[WhiteElo "2550"]
[BlackElo "2246"]
[PlyCount "33"]
[EventDate "2001.07.30"]
[EventType "swiss"]
[EventRounds "11"]
[EventCountry "ENG"]
[SourceTitle "CBM 083 Extra"]
[Source "ChessBase"]
[SourceDate "2001.09.11"]
[SourceVersion "1"]
[SourceVersionDate "2001.09.11"]
[SourceQuality "1"]

1. d4 d5 2. c4 e6 3. Nf3 Nf6 4. Bg5 Be7 5. Nc3 h6 6. Bh4 0-0 7. e3 b6 8. Bd3 Bb7 9. 0-0 dxc4 10. Bxc4 Ne4 11. Bxe7 Qxe7 12. Nxe4 Bxe4 13. Rc1 Rc8 14. Ne5 c5 15. Qg4 Bf5 16. Qf3 Nd7 17. Qb7 1-0

[Event "BCF-ch 87th"]
[Site "Millfield"]
[Date "2000.08.04"]
[Round "5"]
[White "Stephenson, F Norman"]
[Black "Kelly, Brian"]
[Result "0-1"]
[WhiteElo "2241"]
[BlackElo "2426"]
[PlyCount "54"]
[EventDate "2000.07.31"]
[EventType "swiss"]
[EventRounds "11"]
[EventCountry "ENG"]
[SourceTitle "CBM 077 Extra"]
[Source "ChessBase"]
[SourceDate "2000.09.14"]
[SourceVersion "1"]
[SourceVersionDate "2000.09.14"]
[SourceQuality "1"]

1. d4 d5 2. c4 c6 3. Nf3 Nf6 4. Nc3 e6 5. e3 Nbd7 6. Qc2 Bd6 7. Be2 0-0 8. 0-0 Re8 9. Rd1 Qe7 10. h3 a6 11. a3 dxc4 12. Bxc4 b5 13. Ba2 c5 14. dxc5 Bxc5 15. b4 Ba7 16. Ne4 Bb7 17. Nxf6+ Nxf6 18. Bb2 Rac8 19. Qe2 Nd5 20. Rac1 Red8 21. Rxc8 Rxc8 22. Qd2 h6 23. Rc1 Rd8 24. Qc2 Nxe3 25. fxe3 Bxe3+ 26. Kf1 Bxf3 27. gxf3 Qg5 0-1

[Event "BCF-ch 87th"]
[Site "Millfield"]
[Date "2000.08.01"]
[Round "2"]
[White "Summerscale, Aaron"]
[Black "Stephenson, F Norman"]
[Result "1-0"]
[WhiteElo "2459"]
[BlackElo "2241"]
[PlyCount "61"]
[EventDate "2000.07.31"]
[EventType "swiss"]
[EventRounds "11"]
[EventCountry "ENG"]
[SourceTitle "CBM 077 Extra"]
[Source "ChessBase"]
[SourceDate "2000.09.14"]
[SourceVersion "1"]
[SourceVersionDate "2000.09.14"]
[SourceQuality "1"]

1. d4 d5 2. c4 e6 3. Nc3 Nf6 4. cxd5 exd5 5. Bg5 Be7 6. e3 c6 7. Qc2 Nbd7 8. Bd3 0-0 9. Nge2 Re8 10. 0-0 Nf8 11. f3 Nh5 12. Bxe7 Qxe7 13. e4 dxe4 14. fxe4 Be6 15. e5 c5 16. Nb5 cxd4 17. Nd6 Qg5 18. Nxe8 Rxe8 19. Nxd4 Qxe5 20. Nxe6 fxe6 21. Rae1 Qd6 22. Rd1 Qb6+ 23. Qf2 Qxf2+ 24. Rxf2 Nf6 25. Bb5 Rc8 26. Ba4 Rc7 27. Rc2 Re7 28. Rdc1 Nd5 29. Bb3 Kf7 30. Bxd5 exd5 31. Rf1+ 1-0

[Event "BCF-chT2 9900 (4NCL)"]
[Site "Birmingham"]
[Date "2000.05.01"]
[Round "11.2"]
[White "Waters, Clive L"]
[Black "Stephenson, F Norman"]
[Result "0-1"]
[WhiteElo "2158"]
[BlackElo "2221"]
[PlyCount "66"]
[EventDate "1999.10.??"]
[EventType "team-tourn"]
[EventRounds "11"]
[EventCountry "ENG"]
[SourceTitle "EXT 2001"]
[Source "ChessBase"]
[SourceDate "2000.11.22"]
[SourceVersion "1"]
[SourceVersionDate "2000.11.22"]
[SourceQuality "1"]
[WhiteTeam "Thistle White Rose"]
[BlackTeam "BCCA"]
[WhiteTeamCountry "ENG"]
[BlackTeamCountry "ENG"]

1. d4 d5 2. Nf3 Nf6 3. c4 e6 4. Nc3 Be7 5. Bg5 h6 6. Bh4 0-0 7. e3 Ne4 8. Bxe7 Qxe7 9. Qc2 Nxc3 10. Qxc3 dxc4 11. Bxc4 b6 12. 0-0 Bb7 13. Be2 c5 14. dxc5 Rc8 15. Rac1 Rxc5 16. Qd4 Nc6 17. Qa4 Ra5 18. Qb3 Ne5 19. Nxe5 Rxe5 20. Rfd1 Rd8 21. f4 Red5 22. Rxd5 Bxd5 23. Qc3 Qb7 24. Kf2 Bxg2 25. Rg1 Rc8 26. Qd4 Rc2 27. Ke1 Rc1+ 28. Bd1 Qf3 29. Kd2 Qf2+ 30. Kxc1 Qxg1 31. Qd8+ Kh7 32. Qd3+ f5 33. h4 Bf3 0-1

[Event "BCF-chT2 9900 (4NCL)"]
[Site "Birmingham"]
[Date "2000.01.22"]
[Round "5.3"]
[White "James, David J"]
[Black "Stephenson, F Norman"]
[Result "1/2-1/2"]
[WhiteElo "2238"]
[BlackElo "2221"]
[PlyCount "49"]
[EventDate "1999.10.??"]
[EventType "team-tourn"]
[EventRounds "11"]
[EventCountry "ENG"]
[SourceTitle "EXT 2001"]
[Source "ChessBase"]
[SourceDate "2000.11.22"]
[SourceVersion "1"]
[SourceVersionDate "2000.11.22"]
[SourceQuality "1"]
[WhiteTeam "SW Dragons"]
[BlackTeam "BCCA"]
[WhiteTeamCountry "ENG"]
[BlackTeamCountry "ENG"]

1. d4 d5 2. c4 e6 3. Nc3 Be7 4. Nf3 Nf6 5. Bf4 dxc4 6. e3 Nd5 7. Bxc4 Nxf4 8. exf4 Nc6 9. 0-0 0-0 10. Rc1 Bf6 11. Ne2 Nb4 12. a3 Nd5 13. Qc2 c6 14. Ba2 g6 15. Ne5 Bg7 16. g3 Qe7 17. Rfe1 Rd8 18. Qc5 Bd7 19. Qa5 Be8 20. Nc3 Nc7 21. Red1 b6 22. Qa4 c5 23. Qc4 Rxd4 24. Rxd4 cxd4 25. Qxd4 1/2-1/2

[Event "BCF-chT2 9900 (4NCL)"]
[Site "Birmingham"]
[Date "1999.11.21"]
[Round "4.1"]
[White "Stephenson, F Norman"]
[Black "Longson, Alexander"]
[Result "1/2-1/2"]
[WhiteElo "2212"]
[BlackElo "2169"]
[PlyCount "37"]
[EventDate "1999.10.??"]
[EventType "team-tourn"]
[EventRounds "11"]
[EventCountry "ENG"]
[SourceTitle "EXT 2001"]
[Source "ChessBase"]
[SourceDate "2000.11.22"]
[SourceVersion "1"]
[SourceVersionDate "2000.11.22"]
[SourceQuality "1"]
[WhiteTeam "BCCA"]
[BlackTeam "Numerica 3CS"]
[WhiteTeamCountry "ENG"]
[BlackTeamCountry "ENG"]

1. d4 Nf6 2. c4 d6 3. Nc3 Nbd7 4. Nf3 e5 5. Bg5 Be7 6. e3 Ng4 7. Bxe7 Qxe7 8. Be2 c6 9. Qc2 0-0 10. dxe5 dxe5 11. Rd1 Ngf6 12. 0-0 Re8 13. Rd2 Nf8 14. Rfd1 Bg4 15. Ne4 Nxe4 16. Qxe4 Bxf3 17. Bxf3 f6 18. Qc2 Red8 19. h3 1/2-1/2

[Event "BCF-ch 86th"]
[Site "Scarborough"]
[Date "1999.08.10"]
[Round "9"]
[White "Stephenson, F Norman"]
[Black "Ledger, Andrew"]
[Result "1/2-1/2"]
[WhiteElo "2212"]
[BlackElo "2431"]
[PlyCount "40"]
[EventDate "1999.08.05"]
[EventType "swiss"]
[EventRounds "11"]
[EventCountry "ENG"]
[SourceTitle "CBM 071 Extra"]
[Source "ChessBase"]
[SourceDate "1999.09.14"]
[SourceVersion "1"]
[SourceVersionDate "1999.09.14"]
[SourceQuality "1"]

1. e4 c6 2. d4 d5 3. Nd2 dxe4 4. Nxe4 Nd7 5. Nf3 Ngf6 6. Nxf6+ Nxf6 7. c3 Bg4 8. h3 Bh5 9. g4 Bg6 10. Ne5 Nd7 11. Nxg6 hxg6 12. d5 Rc8 13. dxc6 Rxc6 14. Be3 Rd6 15. Qf3 Qb8 16. Bg2 b6 17. 0-0 e5 18. Rfd1 Rxd1+ 19. Rxd1 Bd6 20. Bf1 Nf6 1/2-1/2

[Event "BCF-ch 86th"]
[Site "Scarborough"]
[Date "1999.08.09"]
[Round "8"]
[White "Mason, Donald"]
[Black "Stephenson, F Norman"]
[Result "1-0"]
[WhiteElo "2284"]
[BlackElo "2212"]
[PlyCount "80"]
[EventDate "1999.08.05"]
[EventType "swiss"]
[EventRounds "11"]
[EventCountry "ENG"]
[SourceTitle "CBM 071 Extra"]
[Source "ChessBase"]
[SourceDate "1999.09.14"]
[SourceVersion "1"]
[SourceVersionDate "1999.09.14"]
[SourceQuality "1"]

1. e4 c5 2. Nc3 e6 3. Nf3 Nc6 4. d4 cxd4 5. Nxd4 Nf6 6. Be3 Bb4 7. Bd3 d5 8. Nxc6 bxc6 9. e5 Nd7 10. Qg4 Bf8 11. f4 Rb8 12. Nd1 Ba6 13. 0-0 Bxd3 14. cxd3 c5 15. d4 Qb6 16. dxc5 Bxc5 17. Bxc5 Qxc5+ 18. Nf2 0-0 19. Rac1 Qd4 20. Rc7 Rfd8 21. b3 Rbc8 22. Rcc1 Nc5 23. Rcd1 Qb2 24. Qh4 h6 25. Nd3 Nxd3 26. Rxd3 Rd7 27. h3 Rc3 28. Rxc3 Qxc3 29. Rf3 Qd4+ 30. Kh2 Kh7 31. Qf2 Qe4 32. Qe3 Qxe3 33. Rxe3 Rc7 34. Kg3 Rc2 35. a4 d4 36. Re4 d3 37. Kf3 Rc3 38. b4 d2+ 39. Ke2 Rd3 40. Kd1 Kg6 1-0